Top 10 des communes de France par lettre - H - Statistiques

Statistiques générales
  • Ce quiz a été pris 93 fois
  • Le résultat moyen est 3 sur 10
Statistiques - réponses
Région/Collectivité Population Commune % Correct
Provence-Alpes-Côte-d'Azur 55.384 Hyères
96%
Grand Est 36.070 Haguenau
56%
Hauts-de-France 25.764 Hénin-Beaumont
40%
Nouvelle-Aquitaine 18.074 Hendaye
33%
Normandie 22.473 Hérouville-Saint-Clair
33%
Île-de-France 33.617 Houilles
27%
Hauts-de-France 21.785 Hazebrouck
23%
Île-de-France 31.818 Herblay-sur-Seine
15%
Hauts-de-France 20.684 Halluin
11%
Hauts-de-France 18.579 Hem
11%
Aucun quiz correspondant
Distribution des résultats
% des personnes avec chaque résultat
Percentile par nombre de réponses
Votre historique - résultats
Vous n’avez pas pris ce quiz